Liban ou Libye - Statistiques

Statistiques générales
  • Ce quiz a été pris 190 fois
  • Le résultat moyen est 10 sur 15
Statistiques - réponses
Question Réponse % Correct
Quel pays fait parti de l'Afrique ? Libye
99%
Quel pays à le cèdre pour emblème ? Liban
97%
Lequel à Tripoli pour capitale ? Libye
93%
Le houmous est l'une de ces spécialités ? Liban
91%
Lequel à la plus grande population musulmane ? Libye
88%
Lequel touche la mer Méditerranée ? Les Deux
86%
A l'arabe pour langue officielle ? Les Deux
83%
Lequel à changé de drapeau en 2011 en reprenant celui de 1951 ? Libye
80%
A le Bazin pour spécialité ? Libye
73%
Lequel à l'Érythrée comme frontière ? Aucun
55%
Lequel à deux villes commençant par T dans le top 5 des villes les plus peuplées du pays ? Les Deux
46%
Lequel est dirigé par Bola Tinubu depuis le 29 mai 2023 ? Aucun
26%
Quel pays à une zone désertique ? Les Deux
24%
Lequel dépasse les 10 millions d'habitants ? Aucun
23%
Nationalité sportive de Felipe Nasr (ancien pilote f1) ? Aucun
16%
Aucun quiz correspondant
Distribution des résultats
% des personnes avec chaque résultat
Percentile par nombre de réponses
Votre historique - résultats
Vous n’avez pas pris ce quiz